Normal view
MARC view
- Frater, Michael R
Entry Personal Name
001 - CONTROL NUMBER
- control field: 99327
003 - CONTROL NUMBER IDENTIFIER
- control field: NUST
005 - DATE AND TIME OF LATEST TRANSACTION
- control field: 20221006144515.0
008 - FIXED-LENGTH DATA ELEMENTS
- fixed length control field: 221006|| aca||aabn | a|a d
040 ## - CATALOGING SOURCE
- Original cataloging agency: NUST
- Transcribing agency: NUST
100 ## - HEADING--PERSONAL NAME
- Personal name: Frater, Michael R
670 ## - SOURCE DATA FOUND
- Source citation: Work cat.: (NUST)218202: Frater, Michael R., Electronic warfare for the digitized battlefield , c2001.
